| 000 | 00505nam a2200181Ia 4500 | ||
|---|---|---|---|
| 005 | 20250508152421.0 | ||
| 008 | 008 250505s9999 xx 000 0 eng d | ||
| 037 | _aTextual | ||
| 040 |
_aFEDL _beng _cFEDL |
||
| 041 |
_aeng _2eng |
||
| 084 |
_a822, POE _qFEDL |
||
| 100 |
_aAllen Hervey _955686 |
||
| 245 | 0 | _aComplete tales and poems of edgar allan poe | |
| 260 |
_aNew York, USA _bThe Modern Library _c1938 |
||
| 300 | _a1026p. | ||
| 942 |
_cTEXL _h822, POE |
||
| 999 |
_c1336292 _d1336292 |
||